[Event "FRA-chT4 0506"]
[Site "Bretagne"]
[Date "2005.12.09"]
[Round "3"]
[White "Joussain, Valentin"]
[Black "Alvarez, Iannis"]
[Result "0-1"]
[WhiteElo "1400"]
[BlackElo "1670"]
[PlyCount "102"]
[EventDate "2005.10.16"]
[EventType "team"]
[EventRounds "7"]
[EventCountry "FRA"]
[SourceTitle "EXT 2007"]
[Source "ChessBase"]
[SourceDate "2006.11.23"]
[SourceVersion "1"]
[SourceVersionDate "2006.11.23"]
[SourceQuality "1"]

1. e4 c5 2. Bc4 d6 3. Nc3 Nc6 4. Nf3 a6 5. d3 Bg4 6. h3 Bxf3 7. Qxf3 Nf6 8. Bg5 Nd4 9. Qd1 e6 10. Bxf6 Qxf6 11. 0-0 g6 12. Ne2 Nxe2+ 13. Qxe2 b5 14. Bb3 a5 15. c3 a4 16. Bc2 Bg7 17. a3 0-0 18. Qd2 e5 19. c4 bxc4 20. dxc4 Qe6 21. Bd3 Rab8 22. Rab1 Rb7 23. Rfc1 Rfb8 24. Rc2 Qd7 25. Be2 Qc6 26. f3 Bf8 27. Kh1 Qd7 28. Rf1 Bg7 29. Rb1 Qe6 30. Rc3 Bf8 31. Bd1 Ra7 32. f4 exf4 33. Qxf4 Bg7 34. Rd3 Be5 35. Qd2 Qxc4 36. Bf3 Rab7 37. Rc1 Qe6 38. Rc2 Rxb2 39. Bg4 Qf6 40. Rf3 Qe7 41. Rxb2 Rxb2 42. Qe3 Rb1+ 43. Qg1 Rxg1+ 44. Kxg1 Bd4+ 45. Kh1 Qxe4 46. Kh2 Be5+ 47. Kg1 Qe1+ 48. Rf1 Bd4+ 49. Kh2 Qxf1 50. Kg3 g5 51. Bf3 Qf2+ 0-1